Mathematical Modeling of Discharge Plasma Generation and Diffusion Saturation of Metals and Alloys; Advances in Computer Science Research; Vol. 51 : Information Technologies in Science, Management, Social Sphere and Medicine (ITSMSSM 2016)
| Parent link: | Advances in Computer Science Research Vol. 51 : Information Technologies in Science, Management, Social Sphere and Medicine (ITSMSSM 2016).— 2016.— [P. 39-44] |
|---|---|
| 1. autor: | |
| Korporacja: | |
| Kolejni autorzy: | , |
| Streszczenie: | Title screen This paper presents a mathematical modeling of the plasma generation in a hollow cathode and the diffusion saturation of metals and alloys by nitrogen atoms in the plasma of a low-pressure non-self-sustained glow discharge. Characteristics of gas discharge are obtained. The relations between main technological parameters and structural-phase states of nitrited material are defined. Furthermore, this paper leads a comparison of calculated results with the experimental data. |
| Język: | angielski |
| Wydane: |
2016
|
| Hasła przedmiotowe: | |
| Dostęp online: | http://dx.doi.org/10.2991/itsmssm-16.2016.93 |
| Format: | Elektroniczne Rozdział |
| KOHA link: | https://koha.lib.tpu.ru/cgi-bin/koha/opac-detail.pl?biblionumber=652972 |
MARC
| LEADER | 00000nla2a2200000 4500 | ||
|---|---|---|---|
| 001 | 652972 | ||
| 005 | 20231101134739.0 | ||
| 035 | |a (RuTPU)RU\TPU\network\18343 | ||
| 090 | |a 652972 | ||
| 100 | |a 20170202a2016 k y0engy50 ba | ||
| 101 | 0 | |a eng | |
| 102 | |a FR | ||
| 105 | |a y z 100zy | ||
| 135 | |a drcn ---uucaa | ||
| 181 | 0 | |a i | |
| 182 | 0 | |a b | |
| 200 | 1 | |a Mathematical Modeling of Discharge Plasma Generation and Diffusion Saturation of Metals and Alloys |f Nguyen Bao Khyng, T. V. Koval, Chan My Kim An | |
| 203 | |a Text |c electronic | ||
| 300 | |a Title screen | ||
| 320 | |a [References: p. 44 (19 tit.)] | ||
| 330 | |a This paper presents a mathematical modeling of the plasma generation in a hollow cathode and the diffusion saturation of metals and alloys by nitrogen atoms in the plasma of a low-pressure non-self-sustained glow discharge. Characteristics of gas discharge are obtained. The relations between main technological parameters and structural-phase states of nitrited material are defined. Furthermore, this paper leads a comparison of calculated results with the experimental data. | ||
| 461 | 1 | |0 (RuTPU)RU\TPU\network\18167 |t Advances in Computer Science Research | |
| 463 | 0 | |0 (RuTPU)RU\TPU\network\18169 |t Vol. 51 : Information Technologies in Science, Management, Social Sphere and Medicine (ITSMSSM 2016) |o III International Scientific Conference, May 23-26, 2016, Tomsk, Russia |o [proceedings] |f National Research Tomsk Polytechnic University (TPU) ; eds. O. G. Berestneva, A. Tikhomirov, A. Trufanov |v [P. 39-44] |d 2016 | |
| 610 | 1 | |a электронный ресурс | |
| 610 | 1 | |a труды учёных ТПУ | |
| 610 | 1 | |a тлеющие разряды | |
| 610 | 1 | |a низкое давление | |
| 610 | 1 | |a газовые разряды | |
| 610 | 1 | |a плазма | |
| 610 | 1 | |a плазменные катоды | |
| 610 | 1 | |a плазменное азотирование | |
| 700 | 0 | |a Nguyen Bao Khyng |c Vietnamese specialist in the field of Informatics and computer engineering |c assistant Professor of Tomsk Polytechnic University |2 stltpush |3 (RuTPU)RU\TPU\pers\35433 | |
| 701 | 1 | |a Koval |b T. V. |c mathematician, physicist |c Professor of Tomsk Polytechnic University, Doctor of physical and mathematical sciences |f 1953- |g Tamara Vasilievna |2 stltpush |3 (RuTPU)RU\TPU\pers\34227 | |
| 701 | 0 | |a Chan My Kim An | |
| 712 | 0 | 2 | |a Национальный исследовательский Томский политехнический университет (ТПУ) |b Институт кибернетики (ИК) |2 stltpush |3 (RuTPU)RU\TPU\col\18397 |
| 801 | 2 | |a RU |b 63413507 |c 20180213 |g RCR | |
| 856 | 4 | |u http://dx.doi.org/10.2991/itsmssm-16.2016.93 | |
| 942 | |c CF | ||